000 00824nam0a22003019 4500
001 RU\NLR\b_ik\61382
005 20250616224429.0
010 _a0-679-44544-7
035 _a(NLR Aleph) 002135881
090 _a2200723
_c2200723
100 _a19950127d1995 |||y0rusy50 ca
101 0 _arus
102 _aRU
105 _ay |||||||||
200 1 _aThe patriot
_e[A novel]
_fPiers Paul Read
210 _aNew York
_cRandom House
_d1995
215 _a[4], 291 c.
_d24
300 _aСписок соч. авт.: с. [1]
676 _a823'.914
686 0 _aШ6(4Вл)62-440.4
_2rubbk
700 1 _aRead
_bPiers Paul
_f1941
_4070
801 0 _aRU
_bNLR
_c19950127
_gPSBO
801 1 _aRU
_bNLR
_c20011025
852 _aNLR
_jЛ61 Д-7/1277
942 _cBOOK
980 _aNB